¿qué tengo aquí abajo? : para entender la sexualidad /

Guardado en:
Autor Principal: Sanchis, Rosa
Otros Autores: Senabre, Enric, Ruiz, Ana; il.
Formato: Libro
Publicado: Madrid : Abisal, 2009
Materias:
Etiquetas: Agregar Etiqueta
Sin Etiquetas, Sea el primero en etiquetar este registro!
LEADER 00675nam a22002295a 4500
001 CEM.cems014117
008 130507s2009##################000#0#####d
005 20210706090954.0
003 CEMS
245 1 0 |a ¿qué tengo aquí abajo? :  |b para entender la sexualidad /  |c Rosa Sanchis y Enric Senabre; ilustrado Por Ana Ruiz 
260 |a Madrid :  |b Abisal,  |c 2009 
300 |a 134 p. 
590 |a 1176.013 
020 |a 9788499040219 
100 1 |a Sanchis, Rosa 
700 1 |a Senabre, Enric 
700 1 |a Ruiz, Ana; il. 
653 |a Educación sexual 
653 |a Sexualidad 
653 |a Sociologia 
653 |a Biblioteca TC 
859 |a CEMS  |b BIB. CEMS - 11 de abril  |h TC  |p 1176.013  |t Ej.1